| 000 | 00385nam a22001697a 4500 | ||
|---|---|---|---|
| 005 | 20160628145545.0 | ||
| 008 | 160628b xxu||||| |||| 00| 0 eng d | ||
| 020 | _a1-85723-146-5 | ||
| 041 | _aeng | ||
| 082 | _b10611 | ||
| 100 |
_aBanks, Iain M _93090 |
||
| 245 | _aThe Players of Games | ||
| 260 |
_bOrbit books _c2002 |
||
| 300 | _a307 | ||
| 650 |
_aManagement _9241 |
||
| 942 | _cBK | ||
| 999 |
_c4487 _d4486 |
||